| 000 | 00723nam a2200217Ii 4500 | ||
|---|---|---|---|
| 003 | JO-AjNU | ||
| 008 | 230605s9999||||xx |||||||||||||| ||und|| | ||
| 017 | _a96/13/163 | ||
| 020 | _a977-19-22874 | ||
| 040 |
_aJO-AjNU _bara _erda _cJO-AjNU |
||
| 041 | _aara | ||
| 050 | 1 | 4 | _aNA1467 2005 |
| 100 | 3 |
_aجمعة محمد,حسين تأليف, _eauthor _915952 |
|
| 245 | 0 | 0 | _aإنهيار العمارات: الأسباب الهندسية والقانونية |
| 264 | 3 | 1 | _aمصر:مكتب الدراسات والاستشارات الهندسية,2005 |
| 300 | _a135ص | ||
| 336 |
_atext _btxt _2rdacontent |
||
| 337 |
_aunmediated _bn _2rdamedia |
||
| 338 |
_avolume _bnc _2rdacarrier |
||
| 650 | 4 |
_aالعمارات _915953 |
|
| 999 |
_aA4622 _c8190 _d8190 |
||